00698nam a2200193Ia 4500003000200000005001700002008004100019050002700060100002700087245006200114260009000176300002800266504004100294650002900335650002800364650004100392650003300433650003800466020250129093355.0190909s9999 xx 000 0 und d aPGS BF 698b.R764 2017 aRomey, Ellis Miguel A. aReligion and emotional quotient /cEllis Miguel A. Romey. aLas Piñas City, Philippines :bSouthville International School and Colleges,c2017. a30 p. :bill. ;c28 cm. aIncludes bibliographical references. aReligion and psychology. aEmotional intelligence. aReligion and emotional intelligence. aReligious life and emotions. aReligious influences on emotions.